000 01096nam a22003377a 4500
001 BR2012002871
003 BR-BrBNA
005 20230928103950.0
007 ta
008 230509b bl.||||| |||| 00| 0 por d
040 _aBR-BrBNA
_bpor
_cBiblioteca Nacional de Agricultura
041 _a(Por)
072 _aF60
090 _ F60 BR2012002871
100 1 _aCarvalho, G.G.A. de
110 1 _aCentro de Energia Nuclear na Agricultura, Piracicaba, SP (Brasil)
_0Tese (Mestre em Ciências)
245 1 _aEfeito da fluência na análise de pastilhas de materiais vegetais por espectrometria de emissão óptica com plasma induzido por laser
260 3 _aPiracicaba, SP (Brasil):
_c2011.
300 _a116 p.
500 _aSummaries (Eng, Por); Bibliography p. 107-116; 50 illus.; 9 tables
650 _aPLANTA
650 _aTECIDO VEGETAL
650 _aFOLHA
650 _aESPECTROMETRIA
650 _aMACROELEMENTO
650 _aMICROELEMENTO
650 _aESTADO NUTRICIONAL
650 _aABSORÇÃO DE NUTRIENTES
909 _a202309
_bLucia
_c55
_dLucia Elande
942 _cBK
999 _c77458
_d77458